Transurethral incision versus transurethral resection in grade 1 prostate: A subjective and objective analysis (Record no. 78899)

MARC details
000 -LEADER
fixed length control field 00393nam a2200133Ia 4500
008 - FIXED-LENGTH DATA ELEMENTS--GENERAL INFORMATION
fixed length control field 230917s9999||||xx |||||||||||||| ||und||
040 ## - CATALOGING SOURCE
-- 89372
Original cataloging agency VIVEKANANDA LIBRARY
041 ## - Language
-- English
082 ## - DDC NUMBER
Classification number 617 D11T
100 ## - MAIN ENTRY--PERSONAL NAME
Personal name Dabar, Sukhwinder Singh
245 #0 - TITLE STATEMENT
Title Transurethral incision versus transurethral resection in grade 1 prostate: A subjective and objective analysis
300 ## - PHYSICAL DESCRIPTION
Pages 45 p.
942 ## - ADDED ENTRY ELEMENTS (KOHA)
Koha item type Thesis
Holdings
Withdrawn status Lost status Damaged status Not for loan Location (home branch) Sublocation or collection (holding branch) Date acquired Koha issues (times borrowed) Koha full call number Accession No. Koha date last seen Koha item type Shelving location
        VIVEKANANDA LIBRARY VIVEKANANDA LIBRARY 29/04/2003   617 D11T 155038 17/09/2023 Thesis  
        VIVEKANANDA LIBRARY VIVEKANANDA LIBRARY 29/04/2003   617 D11T 155461 17/09/2023 Thesis Reference
© Designed and Maintained by Vivekananda Library, MDU Rohtak